| 000 | 00760nam a2200253Ia 4500 | ||
|---|---|---|---|
| 003 | OSt | ||
| 005 | 20220926020324.0 | ||
| 006 | a|||||r|||| 00| 0 | ||
| 007 | ta | ||
| 008 | 220923b |||||||| |||| 00| 0 eng d | ||
| 020 |
_a9780415822541 _c2808.0799999999999 |
||
| 037 |
_b57, 08/10/2013, Better Book Service _cGeneral Book |
||
| 040 |
_aRTL _cRTL _beng |
||
| 041 |
_2eng _aeng |
||
| 082 | _aU64, P6;Q3 | ||
| 100 |
_aRODRIGUE Jean- Paul _9324144 |
||
| 245 | 0 | _aGeography of transport systems. | |
| 250 | _a3rd | ||
| 260 |
_aNew York _bRoutledge _c2013 |
||
| 300 |
_axv,411p. _ccm. |
||
| 650 | _aGeography | ||
| 942 |
_hU64, P6;Q3 _cGB _2CC |
||
| 999 |
_c633978 _d633978 |
||